Actas selectas de los mártires : martirologio /

Збережено в:
Бібліографічні деталі
Інші автори: Ruiz, Baudilio Luis (prólogo, notas y traducción) (prólogo, notas y traducción)
Формат: Книга
Мова:Іспанська
Опубліковано: Sevilla, España : Apostolado Mariano, 1991, c1991
Серія:(Los Santos Padres ; 45)
Предмети:
Теги: Додати тег
Немає тегів, Будьте першим, хто поставить тег для цього запису!

MARC

LEADER 00000nam^a2200000^a^4500
001 000186983
005 20250521000000.0
009 20260310102244.111
020 |a 84-7770-175-X 
037 |a Acervo ITESO - Biblioteca 
041 |a ESP 
082 |a 272.  |b ACT V. 1 
245 0 0 |a Actas selectas de los mártires :  |b martirologio /  |c Pról., notas y tr. por B.L. Ruiz. 
264 4 |a Sevilla, España :  |b Apostolado Mariano,  |c 1991, c1991 
300 |a 95 p. 
336 |a texto  |b txt  |2 rdacontenido 
337 |a sin mediación  |b n  |2 rdamedio 
338 |a volumen  |b nc  |2 rdasoporte 
440 4 |a (Los Santos Padres ;  |v 45) 
649 |a XX 
650 |a Mártires 
650 |a Iglesia -  |x Historia -  |y Primeros Tiempos 
650 |a Persecución 
650 |a Catolicismo 
650 |a Cristianismo 
650 |a Religión 
700 |a Ruiz, Baudilio Luis  |e (prólogo, notas y traducción) 
910 |a Fondo General 
920 |a Impresos - Libros 
930 |a Colección General 
905 |a 101 
901 |a 0500129023  |b IT1  |c ACC  |u 20250521 
902 |a https://opac.biblio.iteso.mx/vufind/Record/000186983